| Tag |
First Indicator |
Second Indicator |
Subfields |
| LEADER |
00000cam a2200000 4500 |
| 001 |
in00000257571 |
| 005 |
20151010053645.0 |
| 008 |
730122s1972 maua b 00100 eng |
| 010 |
|
|
|a 77178079
|
| 020 |
|
|
|a 0674082354
|
| 035 |
|
|
|a (OCoLC)00557733
|
| 035 |
|
|
|9 ABC5289AM
|
| 040 |
|
|
|a DLC
|c DLC
|d TXA
|d UtOrBLW
|
| 043 |
|
|
|a nw-----
|a cc-----
|
| 049 |
|
|
|a TXAM
|c 1 [1137241]
|c 2 [1333271]
|
| 050 |
0 |
0 |
|a F2131
|b .H35 1972b
|
| 082 |
0 |
|
|a 972.9
|
| 100 |
1 |
|
|a Hamshere, Cyril.
|
| 245 |
1 |
4 |
|a The British in the Caribbean.
|
| 264 |
|
1 |
|a Cambridge, Mass. :
|b Harvard University Press,
|c 1972.
|
| 300 |
|
|
|a xii, 240 pages :
|b illustrations ;
|c 25 cm.
|
| 336 |
|
|
|a text
|b txt
|2 rdacontent
|
| 337 |
|
|
|a unmediated
|b n
|2 rdamedia
|
| 338 |
|
|
|a volume
|b nc
|2 rdacarrier
|
| 504 |
|
|
|a Bibliography: pages 227-229.
|
| 650 |
|
0 |
|a Slavery
|z West Indies, British.
|
| 651 |
|
0 |
|a West Indies, British
|x History.
|
| 651 |
|
0 |
|a Caribbean Area
|x History.
|
| 999 |
|
|
|a MARS
|
| 999 |
f |
f |
|s 0f52ff10-ee76-31ee-af64-00a3660efd3b
|i 0b7753fa-3c69-3846-8f56-064fe72e7391
|t 0
|
| 952 |
f |
f |
|p ric
|a Texas A&M University
|b Rellis Campus
|c Joint Library Facility
|d Remote Storage
|t 0
|e F2131 .H35 1972b
|h Library of Congress classification
|i unmediated -- volume
|m A14802361637
|
| 952 |
f |
f |
|p normal
|a Texas A&M University
|b College Station
|c Sterling C. Evans Library
|d Evans: Library Stacks
|t 0
|e F2131 .H35 1972b
|h Library of Congress classification
|i unmediated -- volume
|m A14802361645
|
| 998 |
f |
f |
|a F2131 .H35 1972b
|t 0
|l Evans: Library Stacks
|
| 998 |
f |
f |
|a F2131 .H35 1972b
|t 0
|l Remote Storage
|